000 00845cab a2200301 4500
001 ABS54685
008 090401t1996 xxu||||| |||| 00| 0 eng d
035 _a(Sirsi) u11769
041 _aeng
245 _aMarket report: West Midlands industrial and retail
260 _c1996
350 _a0
490 _aProperty Week
_v54(12) 21 March 1996, 38-58(8)
650 _aBIRMINGHAM
650 _aBLACK COUNTRY
650 _aDUDLEY
650 _aINDUSTRIAL MARKET
650 _aINVESTMENT MARKET
650 _aLAND VALUES
650 _aPROPERTY-COMMERCIAL PROPERTY-RETAIL PROPERTY-RETAIL PROPERTY MARKET
650 _aSOLIHULL
650 _aSUPPLY AND DEMAND
650 _aSUTTON COLDFIELD
650 _aWEST MIDLANDS
690 _aPROPERTY-COMMERCIAL PROPERTY-COMMERCIAL PROPERTY MARKET
942 _n0
948 _c04/03/1997
999 _c7513
_d7513